Fill the Bible Verses #1 - Statistics

General Stats
  • This quiz has been taken 75 times
  • The average score is 12 of 20
Answer Stats
Answer % Correct
that He gave his one and only {Son},
98%
For God so loved the {World}
97%
and whoever {believes} in him
91%
{John} 3:16
91%
shall not {perish}, but have eternal life.
88%
In the beginning, God created the {Heavens} and the earth.
86%
{Genesis} 1:1-2
70%
love, joy, {peace}, patience, kindness,
70%
Mighty God, Everlasting Father, Prince of {Peace}.
70%
But the Fruit of the {Spirit} is
65%
For to us a child is born, to us a child is {given};
52%
and {darkness} was over the face of the deep.
48%
And the Spirit of God was hovering over the face of the {waters}
42%
and the government shall be upon his {shoulder},
39%
goodness, {faithfulness}, gentleness, self control;
39%
{Isaiah} 9:6
39%
And his name shall be called {Wonderful} counsellor,
38%
{Galatians} 5:22-23
36%
The earth was without form or {void},
30%
against such things there is no {law}.
23%
No matching quizzes found
Score Distribution
Percent of People with Each Score
Percentile by Number Answered
Your Score History
You have not taken this quiz